La main a la pate: les sciences a l'école primaire
Na minha lista:
| Autor principal: | |
|---|---|
| Formato: | Livro |
| Idioma: | francês |
| Publicado em: |
París
Flammarion
1996
|
| Assuntos: | |
| Tags: |
Adicionar Tag
Sem tags, seja o primeiro a adicionar uma tag!
|
MARC
| LEADER | 00000nam a2200000 a 4500 | ||
|---|---|---|---|
| 001 | UCR0340 | ||
| 003 | CL-VaPUC | ||
| 008 | 971205e19960000FR |||||||||||||||||fre|d | ||
| 082 | 0 | 4 | |a 372.35 |b CHA |2 21 |
| 100 | 0 | |a Charpak, Georges |e author |9 395874 | |
| 245 | 1 | 3 | |a La main a la pate: les sciences a l'école primaire |
| 300 | |a 159 p | ||
| 942 | |c BK | ||
| 945 | |d 19971205 00:00:00 |a jquezada | ||
| 260 | |a París |b Flammarion |c 1996 | ||
| 650 | 0 | |a Enseñanza y aprendizaje |9 392086 | |
| 650 | 0 | |a Ciencias naturales |9 260542 | |
| 650 | 0 | |a Educación básica |9 224933 | |
| 650 | 0 | |a Educación científica |9 307484 | |
| 650 | 0 | |a Métodos de enseñanza |9 270413 | |
| 583 | |a last modification |c 20130318 06:28:49 |k Rodrigo Vera | ||
| 999 | |c 263879 |d 263877 | ||
| 952 | |0 0 |1 0 |4 0 |6 372_350000000000000_CHA_1996 |7 0 |8 A |9 293365 |a BIBMAT |b BIBMAT |c E_DIDACT |d 2019-11-19 |i 3374858 |o 372.35 CHA 1996 |p 3374858 |r 2025-01-07 |w 2019-11-19 |y BK |k MAT | ||